000 01036nam a22002535i 4500
001 181108
003 ES-MaACL
005 20231008174901.0
008 121017s1988 sp | |||| ||spa d
020 _a84-87196-00-4
080 _a378.4(463.8 Burgo de Osma)(091)
100 1 _aBartolomé Martínez, Bernabé.
_926173
245 1 3 _aEl Colegio-Universidad de Santa Catalina en el Burgo de Osma y su tiempo, 1550-1840 /
_cBernabé Bartolomé Martínez.
250 _a[1ª ed.].
260 _a[Soria] :
_bCentro de Estudios Sorianos,
_c1988 [i.e.1989 ]
300 _a304 p. :
_bil. ;
_c25 cm.
504 _aBibliografía.
610 2 4 _aColegio-Universidad de Santa Catalina (Burgo de Osma)-
_vHistoria.
_9151657
710 2 _aCentro de Estudios Sorianos.
_92676
852 _aES-MaACL
_jA-12324
_9187991
_bR.146928
_cDEPO1
_dOlim: N-5329
_xDonación: Bernabé Bartolomé Martínez
_zDedicatoria autógrafa del autor
903 _926173
_aBartolomé Martínez, Bernabé
_ednr
942 _2udc
_cMONOGRAFIA
999 _c181108
_d181108